Strange nonchaotic attractors : dynamics between order and chaos in quasiperiodically forced systems /
Guardado en:
| Autor Principal: | |
|---|---|
| Otros Autores: | , |
| Formato: | Libro |
| Idioma: | English |
| Publicado: |
New Jersey :
World Scientific,
c2006.
|
| Series: | World Scientific series on nonlinear science. Monographs and treatises ;
v. 56 |
| Materias: | |
| Etiquetas: |
Agregar Etiqueta
Sin Etiquetas, Sea el primero en etiquetar este registro!
|
| LEADER | 01150cam a22003017a 4500 | ||
|---|---|---|---|
| 001 | MAT.inmabb006467 | ||
| 008 | 061018s2006####njua#####b####001#0#eng#d | ||
| 005 | 20130314173434.0 | ||
| 245 | 1 | 0 | |a Strange nonchaotic attractors : |b dynamics between order and chaos in quasiperiodically forced systems / |c Ulrike Feudel, Sergey Kuznetsov, Arkady Pikovsky. |
| 260 | |a New Jersey : |b World Scientific, |c c2006. | ||
| 300 | |a xi, 213 p. : |b il. ; |c 24 cm. | ||
| 440 | 0 | |a World Scientific series on nonlinear science. |n Series A, |p Monographs and treatises ; |v v. 56 | |
| 504 | |a Incluye referencias bibliográficas e índice. | ||
| 510 | 4 | |a MR, |c 2007j:37039 | |
| 020 | |a 9812566333 | ||
| 020 | |a 9789812566331 | ||
| 100 | 1 | |a Feudel, Ulrike. | |
| 700 | 1 | |a Kuznetsov, Sergey. | |
| 700 | 1 | |a Pikovsky, Arkady, |d 1956- | |
| 650 | 0 | |a Differentiable dynamical systems. | |
| 650 | 0 | |a Attractors (Mathematics) | |
| 650 | 0 | |a Chaotic behavior in systems. | |
| 650 | 0 | |a Nonlinear systems. | |
| 084 | |a 37C55 (37D99 37E20 70K99) |2 msc2000 | ||
| 010 | |a 2006283584 | ||
| 016 | 7 | |a 013506213 |2 Uk | |
| 040 | |a UKM |c UKM |d BAKER |d CUS |d DLC | ||
| 859 | |h 37 |i F422 |p A-8668 |b BIB. MATEMATICA | ||
